| 000 | 00449nmm a22001697a 4500 | ||
|---|---|---|---|
| 005 | 20170622135049.0 | ||
| 008 | 150618b xxu||||| |||| 00| 0 spa d | ||
| 041 | _aspa | ||
| 082 | _aDE 188 | ||
| 100 |
_aLópez Corrales, María José _943217 |
||
| 245 | _aCable Costa S.A. Servicio al cliente | ||
| 260 | _c2016 | ||
| 650 |
_aCOSTA RICA _943218 |
||
| 650 |
_aADMINISTRACIÓN DE EMPRESAS _9521 |
||
| 650 |
_aSERVICIO AL CLIENTE _91558 |
||
| 942 | _cIP | ||
| 999 |
_c9592 _d9592 |
||